Powiaty w Zachodniopomorskim - Statystyki

Ogólne statystyki
  • Ten quiz został rozwiązany 48 razy
  • Średni wynik to 13 z 20
Statystyki odpowiedzi
Powiaty % Poprawnych
Szczecin
94%
Koszalin
81%
szczecinecki
72%
myśliborski
69%
Świnoujście
69%
białogardzki
66%
goleniowski
66%
gryficki
66%
stargardzki
66%
drawski
63%
kołobrzeski
63%
koszaliński
63%
policki
63%
wałecki
63%
choszczeński
59%
gryfiński
59%
pyrzycki
56%
sławieński
56%
świdwiński
56%
kamieński
50%
Nie znaleziono quizów pasujących do podanych kryteriów
Rozkład punktacji
Procent ludzi z każdym wynikiem
Percentyl według liczby udzielonych odpowiedzi
Twoja historia wyników
Nie rozwiązałeś tego quizu